000 01682nam a2200241Ia 4500
008 260220t1998||||xx |||||||||||||| ||spa||
040 _aPY-SlUNAC
_bspa
_erda
041 _aspa
082 _a001.642 4
_bC977c
245 0 _aCurso :
_bla informática es fácil
264 _aMadrid :
_bLa Vanguardia,
_c℗1998.
300 _a1 volumen
490 _a
_vvolumen 2
520 _a"Curso: la informática es fácil" es una obra publicada en 1998 que busca desmitificar el aprendizaje de la informática, presentando conceptos tecnológicos de manera accesible y comprensible para principiantes. A través de una estructura didáctica, el libro aborda temas fundamentales como el uso básico de computadoras, el manejo de software común y la navegación por Internet, promoviendo una comprensión gradual y práctica. Además, se enfatiza la importancia de la informática en la vida cotidiana y profesional, destacando su relevancia en un mundo cada vez más digitalizado. Los autores utilizan ejemplos claros y ejercicios prácticos que facilitan la asimilación de conocimientos, permitiendo a los lectores ganar confianza en su habilidad para utilizar la tecnología. La obra se convierte en una herramienta valiosa para quienes desean iniciarse en el ámbito informático, ofreciendo un enfoque amigable y motivador que fomenta el aprendizaje continuo y el desarrollo de competencias digitales esenciales.
653 _aEducación
653 _aInformática
653 _aTecnología de la información
942 _b2026/02/17
_cBK
999 _c6673
_d6673